000 01375nam a2200229Ia 4500
008 220216s9999 xx 000 0 und d
100 _aSheng Lin
245 0 _aEsterase isozymatic analysis of Amazon wild germplasms and cultivars of Hevea
260 _bChinese Journal of Tropical Crops
_c1994
300 _a87
520 _aAmazon wild germplasm (from Rondonia, Acre and Moto-Gorsso) and cultivars of Hevea brasiliensis were determined in terms of esterase isozyme. 17 bands of esterase isozyme were found, of which band 9 was common and bands 1, 2 & 4 fundamental. The germplasms from various areas disclosed a highly significant relation with the cultivars in zymogram and the zymogram types of bands 1, 2, 4 & 9 made up 69;of the total. It is therefore believed that the wild germplasms and the cultivars all originated from a forefather, and the origin of this species would possibly display bands 1, 2, 4 & 9 estarase isozyme. The germplasms from Acre and Moto - Grosso showed more variation types than others, implying that they are promising materials for breeding and selecttion programme.
650 _aCultivar
650 _aEsterase isozyme
650 _aHevea brasiliensis
650 _aWild germplasm
700 _aDongqiong Hu
700 _aHuilan Wu
700 _aShoucai Chen
700 _aWeiqian Tan
700 _aYaoping Li
942 _cJS
999 _c58794
_d58794